[Event "Arab Cities-chT"]
[Site "Monastir"]
[Date "2015.11.08"]
[Round "2"]
[White "Meddeb, Anis"]
[Black "Tamra, Attallah"]
[Result "1-0"]
[WhiteElo "2175"]
[BlackElo "2036"]
[PlyCount "63"]
[EventDate "2015.11.07"]
[EventType "team-tourn"]
[EventRounds "7"]
[EventCountry "TUN"]
[SourceTitle "CBM 170 Extra"]
[Source "ChessBase"]
[SourceDate "2016.02.25"]
[SourceVersion "1"]
[SourceVersionDate "2016.02.25"]
[SourceQuality "1"]
[WhiteTeam "Menzel Temime"]
[BlackTeam "Qods"]
[WhiteTeamCountry "TUN"]
[BlackTeamCountry "PLE"]

1. e4 c5 2. Nf3 g6 3. Bc4 Bg7 4. 0-0 e6 5. Nc3 Ne7 6. d4 cxd4 7. Nxd4 d5 8. Bb5+ Bd7 9. exd5 exd5 10. Bg5 0-0 11. Nxd5 f6 12. Nxe7+ Qxe7 13. Re1 Qd6 14. Bxd7 fxg5 15. Be6+ Kh8 16. Nf3 Qb6 17. Nxg5 Qxf2+ 18. Kh1 Nc6 19. Qd7 Ne5 20. Qxb7 Rab8 21. Qe4 Qf6 22. Qxe5 Qxe5 23. Rxe5 Bxe5 24. Nf7+ Kg7 25. Nxe5 Rbe8 26. Nd7 Rf2 27. Bh3 Ree2 28. Rg1 h5 29. Nc5 h4 30. Nd3 Rf5 31. g3 Rg5 32. Nf4 1-0

[Event "Hammamet Carthage op 1st"]
[Site "Hammamet"]
[Date "2015.10.11"]
[Round "9"]
[White "Meddeb, Anis"]
[Black "Kilani, Kamel"]
[Result "1-0"]
[WhiteElo "2188"]
[BlackElo "2075"]
[PlyCount "139"]
[EventDate "2015.10.04"]
[EventType "swiss"]
[EventRounds "9"]
[EventCountry "TUN"]
[SourceTitle "CBM 168 Extra"]
[Source "ChessBase"]
[SourceDate "2015.10.29"]
[SourceVersion "1"]
[SourceVersionDate "2015.10.29"]
[SourceQuality "1"]

1. e4 c5 2. Nf3 Nc6 3. d4 cxd4 4. Nxd4 Nf6 5. Nc3 e5 6. Ndb5 d6 7. Bg5 a6 8. Na3 b5 9. Nd5 Be7 10. Bxf6 Bxf6 11. c3 0-0 12. Nc2 Bg5 13. a4 bxa4 14. Rxa4 Rb8 15. Ra2 a5 16. Bc4 Kh8 17. h4 Bh6 18. g4 Bf4 19. Nce3 Be6 20. Qf3 Rb7 21. b3 Qb8 22. 0-0 Qd8 23. Kg2 Ne7 24. Nxe7 Qxe7 25. Bd5 Rb5 26. Bc4 Rc5 27. Nd5 Bxd5 28. Bxd5 Qxh4 29. Rh1 Qf6 30. Rb1 Bg5 31. Qxf6 Bxf6 32. c4 Bd8 33. Ra4 g6 34. b4 axb4 35. Rbxb4 Kg7 36. Ra6 Bc7 37. Ra7 h6 38. Rb3 Kf6 39. Rbb7 Rc8 40. Rb3 Kg7 41. Kf1 Ra5 42. Rab7 Rc5 43. Ke2 Rf8 44. Ra7 Rc8 45. Rb5 Kf6 46. Rxc5 dxc5 47. Ra6+ Ke7 48. Rc6 Kd7 49. Rxc5 Bd6 50. Rb5 f6 51. Bf7 Ke7 52. Bd5 Rb8 53. Ra5 Rb2+ 54. Kf3 Bc7 55. Ra7 Kd8 56. c5 Kd7 57. Ra6 Bd8 58. Rd6+ Ke7 59. Re6+ Kf8 60. c6 Rc2 61. Rd6 Be7 62. Rd7 Ke8 63. Kg3 h5 64. gxh5 gxh5 65. f3 Rc1 66. Rb7 Bd6 67. Rh7 Kf8 68. Rf7+ Ke8 69. Rxf6 h4+ 70. Kh3 1-0

[Event "Hammamet Carthage op 1st"]
[Site "Hammamet"]
[Date "2015.10.09"]
[Round "7"]
[White "Meddeb, Anis"]
[Black "Bouzidi, Ahmed"]
[Result "0-1"]
[WhiteElo "2188"]
[BlackElo "2298"]
[PlyCount "76"]
[EventDate "2015.10.04"]
[EventType "swiss"]
[EventRounds "9"]
[EventCountry "TUN"]
[SourceTitle "CBM 168 Extra"]
[Source "ChessBase"]
[SourceDate "2015.10.29"]
[SourceVersion "1"]
[SourceVersionDate "2015.10.29"]
[SourceQuality "1"]

1. e4 e5 2. Nf3 Nc6 3. Bb5 Nf6 4. 0-0 Nxe4 5. d4 Nd6 6. dxe5 Nxb5 7. a4 Nbd4 8. Nxd4 Nxd4 9. Qxd4 d5 10. exd6 Qxd6 11. Qe4+ Be7 12. Nc3 c6 13. Bf4 Qe6 14. Rfe1 Qxe4 15. Nxe4 0-0 16. Bd6 Bxd6 17. Nxd6 Be6 18. c4 b6 19. b4 Rfd8 20. c5 a5 21. Red1 bxc5 22. bxc5 Rdb8 23. f3 Rb4 24. Ne4 Bb3 25. Rd6 f5 26. Ng5 Rxa4 27. Re1 h6 28. Ne6 Re8 29. Rxc6 Kf7 30. Rc7+ Kf6 31. Rxg7 Rxe6 32. Rxe6+ Bxe6 33. Rh7 Ra1+ 34. Kf2 a4 35. Rxh6+ Ke5 36. c6 a3 37. c7 Rc1 38. f4+ Kd6 0-1

[Event "Hammamet Carthage op 1st"]
[Site "Hammamet"]
[Date "2015.10.04"]
[Round "1"]
[White "Meddeb, Anis"]
[Black "Aroua, Ahmed"]
[Result "1-0"]
[WhiteElo "2188"]
[BlackElo "1547"]
[PlyCount "43"]
[EventDate "2015.10.04"]
[EventType "swiss"]
[EventRounds "9"]
[EventCountry "TUN"]
[SourceTitle "CBM 168 Extra"]
[Source "ChessBase"]
[SourceDate "2015.10.29"]
[SourceVersion "1"]
[SourceVersionDate "2015.10.29"]
[SourceQuality "1"]

1. e4 c5 2. Nf3 d6 3. d4 cxd4 4. Nxd4 Nf6 5. Nc3 a6 6. Bc4 e6 7. 0-0 Bd7 8. Be3 Qc7 9. Bb3 Be7 10. f4 0-0 11. f5 e5 12. Nde2 Bc6 13. Ng3 b5 14. Nh5 Nbd7 15. Bg5 b4 16. Bxf6 Nxf6 17. Nxf6+ gxf6 18. Nd5 Qa7+ 19. Kh1 Bd8 20. Qh5 Kh8 21. Qh6 Bxd5 22. Qxf8# 1-0